| 000 | 01126nam a2200241 a 4500 | ||
|---|---|---|---|
| 001 | 1592 | ||
| 003 | BR-CuiBMT | ||
| 005 | 20231216183521.0 | ||
| 008 | 231128s2016 baba 000 0 por d | ||
| 040 |
_aBR-CuiBMT _cBR-CuiBMT |
||
| 080 |
_a351.94:336.148 _x(813.8) _22007 |
||
| 090 |
_a351.94:336.148(813.8) _bB151v |
||
| 110 | 1 |
_aBahia. _bTribunal de Contas. |
|
| 245 | 1 | 0 |
_aVersão cidadã : _brelatório e parecer prévio do TCE/BA sobre as contas do chefe do Poder Executivo do Estado da Bahia : exercício 2015 / _cTribunal de Contas do Estado da Bahia ; João Evilásio Vasconcelos Bonfim, conselheiro relator. |
| 260 |
_aSalvador : _bTCE-BA, _c2016. |
||
| 300 |
_a95 p. ; _bil. color. ; _c20 x 20 cm |
||
| 610 | 1 |
_aBahia. _bTribunal de Contas _xRelatórios |
|
| 650 |
_aControle externo _vOrçamento _zBahia |
||
| 650 |
_aTribunais de contas _xRelatórios e pareceres _zBrasil |
||
| 700 | 1 | _aBonfim, João Evilásio Vasconcelos | |
| 856 | 4 |
_uhttps://www.tce.ba.gov.br/files/flippingbook/cartilha_cidada_exercicio_2015/files/assets/common/downloads/publication.pdf _yDisponível também online. _916/12/2023 |
|
| 942 |
_2udc _cLV |
||
| 999 |
_c1592 _d1592 |
||